| 000 | 00436nam a2200145 a 4500 | ||
|---|---|---|---|
| 001 | 000033684 | ||
| 005 | 20200930070435.0 | ||
| 008 | 110905s1960 dr 000 0 spa d | ||
| 040 |
_aDO-SdBNP _bspa _cBNPHU |
||
| 100 | 1 |
_aBahiana, Henrique Paulo _959140 |
|
| 245 | 1 | 0 |
_aTreinta anos da Era da Trujillo / _cHenrique Paulo Bahiana. |
| 260 |
_aRio de Janeiro, Brasil : _bGráfica Tupy, _c1960. |
||
| 300 |
_a160 p. ; _c24 cm. |
||
| 049 | _aBNPD | ||
| 999 |
_c33175 _d33175 |
||